Largest Companies for each letter. - Statistics

General Stats
  • This quiz has been taken 32 times
  • The average score is 7 of 26
Answer Stats
# HQ Location Sector Company % Correct
A ๐Ÿ‡บ๐Ÿ‡ธ Retail Amazon
90%
T ๐Ÿ‡ฏ๐Ÿ‡ต Automobiles Toyota
73%
V ๐Ÿ‡ฉ๐Ÿ‡ช Automobiles Volkswagen
73%
W ๐Ÿ‡บ๐Ÿ‡ธ Retail Walmart
53%
E ๐Ÿ‡บ๐Ÿ‡ธ Oil & Gas ExxonMobil
50%
J ๐Ÿ‡บ๐Ÿ‡ธ Finance JPMorganChase
43%
U ๐Ÿ‡บ๐Ÿ‡ธ Healthcare UnitedHealth
37%
B ๐Ÿ‡บ๐Ÿ‡ธ Finance Berkshire Hathaway
33%
N ๐Ÿ‡บ๐Ÿ‡ธ Technology NVIDIA
30%
S ๐Ÿ‡ธ๐Ÿ‡ฆ Oil & Gas Saudi Aramco
30%
C ๐Ÿ‡บ๐Ÿ‡ธ Healthcare CVS Health
27%
H ๐Ÿ‡บ๐Ÿ‡ธ Retail Home Depot
20%
P ๐Ÿ‡จ๐Ÿ‡ณ Oil & Gas PetroChina
20%
X ๐Ÿ‡จ๐Ÿ‡ณ Technology Xiaomi
20%
G ๐Ÿ‡จ๐Ÿ‡ญ Trading (Finance) Glencore
17%
Q ๐Ÿ‡บ๐Ÿ‡ธ Technology Qualcomm
17%
M ๐Ÿ‡บ๐Ÿ‡ธ Healthcare McKesson
13%
R ๐Ÿ‡ฎ๐Ÿ‡ณ Multiple Sectors Reliance Industries
13%
Z ๐Ÿ‡จ๐Ÿ‡ญ Insurance Zurich Insurance Group
13%
D ๐Ÿ‡ฉ๐Ÿ‡ช Communication Technology Deutsche Telecom
10%
F ๐Ÿ‡น๐Ÿ‡ผ Technology Foxconn
10%
I ๐Ÿ‡จ๐Ÿ‡ณ Finance Industrial & Commercial Bank Of China
10%
K ๐Ÿ‡บ๐Ÿ‡ธ Retail Kroger
10%
Y ๐Ÿ‡บ๐Ÿ‡ธ Communication Service Yelp
3%
L ๐Ÿ‡ฎ๐Ÿ‡ณ Insurance Life Insurance Corporation of India
0%
O ๐Ÿ‡ฎ๐Ÿ‡ณ Oil & Gas Oil & Natural Gas Corporation
0%
No matching quizzes found
Score Distribution
Percent of People with Each Score
Percentile by Number Answered
Your Score History
You have not taken this quiz